| 000 | 00482nam a22001937a 4500 | ||
|---|---|---|---|
| 003 | MPLRDC | ||
| 005 | 20220104144156.0 | ||
| 008 | 210129b ||||| |||| 00| 0 eng d | ||
| 020 | _a7-5332-3551-7 | ||
| 082 | _a308 SYSN v.13 | ||
| 100 | _a莫洛 | ||
| 245 |
_a文艺复兴与三位大师 _c黄兰兰 译 |
||
| 250 | _a一版二刷 | ||
| 260 |
_a _b明天 _c2001 |
||
| 300 | _b平 | ||
| 490 | _a视野少年百科全书 | ||
| 650 | _a百科全书 | ||
| 942 |
_cBK _o308 SYSN v.13 |
||
| 999 |
_c47102 _d47092 |
||